<?xml version="1.0" encoding="UTF-8"?>
<collection xmlns="http://www.loc.gov/MARC21/slim">
 <record>
  <leader>00497pamaa2200157   4500</leader>
  <controlfield tag="001">0000033235</controlfield>
  <controlfield tag="005">20080926090000.0</controlfield>
  <datafield tag="020" ind1="0" ind2="0">
   <subfield code="a">0761529306 </subfield>
  </datafield>
  <datafield tag="082" ind1=" " ind2=" ">
   <subfield code="a">006.7869 FLA</subfield>
  </datafield>
  <datafield tag="090" ind1="0" ind2="0">
   <subfield code="a">TR897.7 </subfield>
   <subfield code="b">FLA 2000</subfield>
  </datafield>
  <datafield tag="100" ind1="1" ind2="0">
   <subfield code="a">DESIGN </subfield>
  </datafield>
  <datafield tag="245" ind1="1" ind2="0">
   <subfield code="a">Flash 5 : </subfield>
   <subfield code="b">fast and easy web development  </subfield>
   <subfield code="c">Howie Green Design.</subfield>
  </datafield>
  <datafield tag="260" ind1="0" ind2="0">
   <subfield code="a">California: </subfield>
   <subfield code="b">Prima Tech, </subfield>
   <subfield code="c">2000.</subfield>
  </datafield>
  <datafield tag="300" ind1=" " ind2=" ">
   <subfield code="a">xx, 330cm: </subfield>
   <subfield code="b">ill.; </subfield>
   <subfield code="c">23cm.</subfield>
  </datafield>
  <datafield tag="500" ind1="0" ind2="0">
   <subfield code="a">Includes 1 CD-ROM titled &quot; Flash 5 Fast and Easy Web Development &quot;</subfield>
  </datafield>
  <datafield tag="650" ind1="0" ind2="0">
   <subfield code="a">Macromedia ( Computer File ) </subfield>
  </datafield>
 </record>
</collection>
